Distribuované mini-mikropočítačové systémy distribuovaný mnohopočítačový komplex SM 53-20 : Banská Bystrica 23.-24.10. 1984

Salvato in:
Dettagli Bibliografici
Natura: Libro
Lingua:slovacco
Pubblicazione: Banská Bystrica Dom techniky ČSVTS 1984
Tags: Aggiungi Tag
Nessun Tag, puoi essere il primo ad aggiungerne!!

MARC

LEADER 00000nam a2200000 4500
001 c106670
005 20041019155138.0
041 0 |a slo 
044 |a SK 
245 1 0 |a Distribuované mini-mikropočítačové systémy  |b distribuovaný mnohopočítačový komplex SM 53-20 : Banská Bystrica 23.-24.10. 1984 
264 1 |a Banská Bystrica  |b Dom techniky ČSVTS  |c 1984 
300 |a 133 s.